000 00721nam a2200205Ii 4500
003 JO-AjNU
008 230605s9999||||xx |||||||||||||| ||und||
017 _a1977/5493
040 _aJO-AjNU
_bara
_erda
_cJO-AjNU
041 _aara
050 1 4 _aGV1017.H2.K3442 1977
100 3 _aدرويس، كمال ,
_eauthor
_910174
245 0 0 _aتطوير كرة اليد في المملكة العربية السعودية: دراسة تربوية ميدانية
264 3 1 _aالفجالة: دار الجيل ، 1977
300 _a163ص
336 _atext
_btxt
_2rdacontent
337 _aunmediated
_bn
_2rdamedia
338 _avolume
_bnc
_2rdacarrier
650 4 _aكرة اليد - السعودية - الرياضة
_910175
999 _aA1673
_c5241
_d5241